Đang tải...

Erasmus of Rotterdam

Chi tiết về thư mục
Tác giả chính: Faludy, György
Định dạng: Printed Book
Ngôn ngữ:English
Được phát hành: London : Eyre & Spottiswoode , c1970 .
LEADER 00480nam a22001457a 4500
008 170222b xxu||||| |||| 00| 0 eng d
020 |a 413269906 
082 |a 199.49 FAL/E 
100 |a Faludy, György 
245 |a Erasmus of Rotterdam 
260 |a London :  |b Eyre & Spottiswoode ,  |c c1970 . 
300 |a 298 p. 
942 |c BK 
999 |c 196130  |d 196130 
952 |0 0  |1 0  |4 0  |6 199_490000000000000_FAL_E  |7 0  |9 216715  |a ENG  |b ENG  |c ST1  |d 2017-02-22  |i 902  |l 0  |o 199.49 FAL/E  |p ENG902  |r 2017-02-22  |w 2017-02-22  |y BK